LIBRARY ONLINE CATALOGUE

Cost and management accounting / (Record no. 5712)

MARC details
000 -LEADER
fixed length control field 00671nam a22002172 4500
001 - CONTROL NUMBER
control field 0000002218
005 - DATE AND TIME OF LATEST TRANSACTION
control field 20151217151844.0
008 - FIXED-LENGTH DATA ELEMENTS--GENERAL INFORMATION
fixed length control field 070404s xx 000 0 eng d
020 ## - INTERNATIONAL STANDARD BOOK NUMBER
International Standard Book Number 0273634151 :
Terms of availability KES 1,215
040 ## - CATALOGING SOURCE
Original cataloging agency KABU
Transcribing agency KABU
050 #0 - LIBRARY OF CONGRESS CALL NUMBER
Classification number HF5686
Item number .C8H37 1995
100 1# - MAIN ENTRY--PERSONAL NAME
Personal name Harper, W. M.
-- 0000151496
245 10 - TITLE STATEMENT
Title Cost and management accounting /
Statement of responsibility, etc. W. M. Harper.
260 ## - PUBLICATION, DISTRIBUTION, ETC. (IMPRINT)
Place of publication, distribution, etc. Harlow, England :
Name of publisher, distributor, etc. Financial Times/Prentice Hall,
Date of publication, distribution, etc. 1995.
300 ## - PHYSICAL DESCRIPTION
Extent viii, 566 p. ;
Dimensions 22 cm.
650 #0 - SUBJECT ADDED ENTRY--TOPICAL TERM
Topical term or geographic name as entry element Cost accounting.
-- 0000151497
650 #0 - SUBJECT ADDED ENTRY--TOPICAL TERM
Topical term or geographic name as entry element Managerial accounting.
-- 0000151472
908 ## - PUT COMMAND PARAMETER (RLIN)
Put command parameter 070404
950 ## - LOCAL HOLDINGS (RLIN)
-- 1
Holdings
Withdrawn status Lost status Source of classification or shelving scheme Not for loan Home library Current library Date acquired Total Checkouts Full call number Date last seen Price effective from Koha item type Barcode Date last checked out
    Library of Congress Classification   Kabarak, Main Campus Kabarak, Main Campus 17/12/2015   HF5686 .C8H37 1995 c. 1 17/12/2015 17/12/2015 General Collection    
    Library of Congress Classification   Kabarak, Main Campus Kabarak, Main Campus 17/12/2015 1 HF5686 .C8H37 1995 c. 2 10/11/2022 17/12/2015 General Collection 005190 12/07/2017